Buteurs sous Deschamps - Statistiques

Statistiques générales
  • Ce quiz a été pris 51 fois
  • Le résultat moyen est 37 sur 58
Statistiques - réponses
Nombre de buts en Bleu sous DD Premier but sous DD Dernier but sous DD Réponse % Correct
41 2013 2023 Antoine Griezmann
100%
56 2017 2026 Kylian Mbappé
100%
56 2012 2024 Olivier Giroud
100%
9 2014 2017 Blaise Matuidi
95%
22 2013 2022 Karim Benzema
95%
3 2023 2026 Marcus Thuram
89%
7 2017 2025 Ousmane Dembélé
89%
11 2014 2021 Paul Pogba
89%
5 2014 2019 Raphaël Varane
89%
4 2025 2025 Michael Olise
84%
2 2016 2020 N'golo Kanté
84%
9 2022 2025 Randal Kolo Muani
84%
2 2021 2022 Théo Hernandez
84%
5 2018 2023 Benjamin Pavard
79%
2 2019 2025 Florian Thauvin
79%
8 2016 2023 Kingsley Coman
79%
4 2017 2019 Samuel Umtiti
79%
7 2021 2025 Adrien Rabiot
74%
2 2019 2020 Corentin Tolisso
74%
2 2026 2026 Désiré Doué
74%
8 2015 2016 Dimitri Payet
74%
6 2012 2013 Franck Ribéry
74%
1 2016 2016 Laurent Koscielny
74%
3 2015 2017 Alexandre Lacazette
68%
3 2014 2016 André-Pierre Gignac
68%
2 2020 2023 Dayot Upamecano
68%
6 2012 2015 Mathieu Valbuena
68%
1 2025 2025 Rayan Cherki
68%
1 2023 2023 Warren Zaïre-Emery
68%
3 2024 2025 Bradley Barcola
63%
2 2014 2017 Moussa Sissoko
63%
2 2013 2015 Yohan Cabaye
63%
1 2012 2012 Abou Diaby
58%
2 2016 2021 Anthony Martial
58%
3 2022 2023 Aurélien Tchouaméni
58%
1 2012 2012 Christophe Jallet
58%
2 2024 2025 Christopher Nkunku
58%
1 2017 2017 Djibril Sidibé
58%
2 2025 2025 Jean-Philippe Mateta
58%
2 2015 2018 Nabil Fekir
58%
2 2020 2024 Eduardo Camavinga
53%
2 2025 2026 Hugo Ekitiké
53%
1 2025 2025 Maghnes Akliouche
53%
2 2013 2013 Mamadou Sakho
53%
1 2013 2013 Mathieu Debuchy
53%
4 2017 2019 Thomas Lemar
53%
2 2022 2024 Mattéo Guendouzi
47%
3 2023 2024 Youssouf Fofana
42%
1 2012 2012 Bafétimbi Gomis
37%
1 2019 2019 Clément Lenglet
37%
2 2023 2024 Jonathan Clauss
37%
2 2016 2016 Kevin Gameiro
37%
3 2014 2014 Loïc Rémy
37%
1 2019 2019 Kurt Zouma
26%
1 2016 2016 Layvin Kurzawa
26%
3 2019 2022 Wissam Ben Yedder
26%
1 2019 2019 Jonathan Ikoné
21%
1 2012 2012 Etienne Capoue
16%
Aucun quiz correspondant
Distribution des résultats
% des personnes avec chaque résultat
Percentile par nombre de réponses
Votre historique - résultats
Vous n’avez pas pris ce quiz